La oda del viejo marinero / (Record no. 45380)

MARC details
000 -LEADER
campo de control de longitud fija 00661nam a2200205 i 4500
001 - NÚMERO DE CONTROL
campo de control 45380
003 - IDENTIFICADOR DE NÚMERO DE CONTROL
campo de control ES-MaACL
005 - FECHA Y HORA DE LA ÚLTIMA TRANSACCIÓN
campo de control 20230906161217.0
007 - CAMPO FIJO DE DESCRIPCIÓN FÍSICA--INFORMACIÓN GENERAL
campo de control de longitud fija t|
008 - DATOS DE LONGITUD FIJA--INFORMACIÓN GENERAL
campo de control de longitud fija 030325s1981 sp ||||1| spa d
100 1# - ENTRADA PRINCIPAL--NOMBRE DE PERSONA
Nombre de persona Coleridge, Samuel Taylor.
9 (RLIN) 39581
245 13 - MENCIÓN DEL TÍTULO
Título La oda del viejo marinero /
Mención de responsabilidad, etc. Samuel Taylor Coleridge ; ilustraciones de Gustavo Doré ; traducción de Eduardo Chamorro.
250 ## - MENCION DE EDICION
Mención de edición [2ª ed.].
260 ## - PUBLICACIÓN, DISTRIBUCIÓN, ETC.
Lugar de publicación, distribución, etc. [Barcelona :
Nombre del editor, distribuidor, etc. La Gaya Ciencia],
Fecha de publicación, distribución, etc. 1981.
300 ## - DESCRIPCIÓN FÍSICA
Extensión 84 p. :
Otras características físicas il. ;
Dimensiones 30 cm.
500 ## - NOTA GENERAL
Nota general Texto bilingüe.
700 1# - ENTRADA AGREGADA--NOMBRE PERSONAL
Nombre de persona Doré, Gustave.
9 (RLIN) 45388
700 1# - ENTRADA AGREGADA--NOMBRE PERSONAL
Nombre de persona Chamorro, Eduardo.
9 (RLIN) 37886
852 ## - LOCALIZACIÓN
Ubicación ES-MaACL
Número de control de estantería L-2065
Sublocalización o colección R.102751
Holdings
Estatus retirado Estado de pérdida Estado de daño No para préstamo Biblioteca de origen Biblioteca actual Ubicación en estantería Fecha de adquisición Fuente de adquisición Total de préstamos Signatura topográfica completa Código de barras Visto por última vez Precio de reemplazo Tipo de ítem Koha
        Biblioteca del Ateneo de Madrid Biblioteca del Ateneo de Madrid Depósito 2 17/01/2008     L-2065 1047749 23/02/2023 23/02/2023 Libro impreso